| 000 | 01515cam a2200373 i 4500 | ||
|---|---|---|---|
| 001 | 40918 | ||
| 003 | Mx-PuUPA | ||
| 005 | 20251113160811.0 | ||
| 008 | 140415s2007 sp gr 001 0 spa d | ||
| 017 | _aS. 619-2007 | ||
| 020 | _a9788430116423 | ||
| 040 |
_aMx-PuUPA _bspa _cMx-PuUPA _dMx-PuUPA _erda |
||
| 041 | 1 |
_aspa _hfre |
|
| 100 | 1 |
_aHenry, Michel, _d1922-2002 _eautor _916743 |
|
| 240 | 1 | 0 |
_aPhilosophie et phénoménologie du corps. _lEspañol |
| 245 | 1 | 0 |
_aFilosofía y fenomenología del cuerpo : _bensayo sobre la ontología de Maine de Biran / _cMichel Henry ; tradujo Juan Gallo Reyzábal |
| 264 | 1 |
_aSalamanca, España : _bEdiciones Sígueme, _c2007 |
|
| 300 |
_a302 páginas ; _c21 cm |
||
| 336 |
_2rdacontent _atexto _btxt |
||
| 337 |
_2rdamedia _asin medio _bn |
||
| 338 |
_2rdacarrier _avolumen _bnc |
||
| 490 | 0 |
_aHermeneia ; _v74 |
|
| 600 | 1 | 0 |
_aMaine de Biran, François-Pierre _d1766-1824 |
| 600 | 1 | 0 |
_aMaine de Biran, Pierre _vCrítica e interpretación |
| 650 | 7 |
_2armarc _aMente y cuerpo |
|
| 650 | 7 |
_2armarc _aCuerpo humano (filosofía) |
|
| 650 | 7 |
_2armarc _aCuerpo _xFilosofía |
|
| 700 | 1 |
_aGallo Reyzábal, Juan, _etraductor |
|
| 765 |
_aHenry, Michel _tPhilosophie et phénoménologie du corps _d[lugar de publicación no identificado] : Presses Universitaires de France, 1965 |
||
| 942 |
_2ddc _cLI _h128.2 _iH4318 _n |
||
| 999 |
_c40918 _d40918 |
||